02674 a2200229 45000010006000000050017000060080041000230030015000640400040000790800083001192450040002020200022002422500013002642640034002773000025003115051935003360410008022711000024022797000022023037000020023258560099023454812420260407155748.0260407a2015 arg spa dAR-UNSa-BCEJYS aAR-UNSa-BCEJYSbspacAR-UNSa-BCEJYS a658.15xAdministración financiera privada. Gestión financiera de empresas 10aPrincipios de finanzas corporativas a978-607-15-1312-0 a11a. ed. 1aMéxico :bMcGraw-Hillc2015 axxii, 926 p.c27 cm. aPRIMERA PARTE: Valor: 1. Introducción a las finanzas corporativas - 2. Cómo calcular valores presentes - 3. Valuación de bonos - 4. Valuación de acciones ordinarias - 5. Valor presente neto y otros criterios de inversión - 6. Toma de decisiones de inversión con la regla del valor presente neto - SEGUNDA PARTE: Riesgo: 7. Introducción al riesgo y al rendimiento - 8. Teoría del portafolio y modelo de valuación de activos de capital - 9. Riesgo y costo del capital - TERCERA PARTE: Las mejores prácticas en el presupuesto de capital: 10. Análisis de proyectos - 11. Inversión, estrategia y rentas económicas - 12. Problemas de agencia, compensación y medición del desempeño - CUARTA PARTE: Decisiones financieras y eficiencia de mercado - 13. Mercados eficientes y finanzas conductuales - 14. Panorama general del financiamiento corporativo - 15. Forma en la que las corporaciones emiten valores - QUINTA PARTE: Políticas de pago y estructura de capital: 16. Política de pago de dividendos - 17. ¿Es importante la política de endeudamiento? - 18. ¿Cuánto debe endeudarse una empresa? - 19. Financiamiento y valuación - SEXTA PARTE: Opciones: 20. Entender las opciones - 21. Valuación de opciones - 22. Opciones reales - SÉPTIMA PARTE: Financiamiento de la deuda: 23. Riesgo de crédito y valor de la deuda corporativa - 24. Los muchos tipos de deuda - 25. Arrendamiento - OCTAVA PARTE: Administración del riesgo: 26. Administración de riesgos - 27. Administración de riesgos internacionales - NOVENA PARTE: Planeación financiera y administración del capital de trabajo: 28. Análisis financiero - 29. Planeación financiera - 30. Administración del capital de trabajo - DÉCIMA PARTE: Fusiones, control corporativo y gobierno: 31. Fusiones - 32. Reestructuración corporativa - UNDÉCIMA PARTE: Conclusión: 34. Lo que sabemos y lo que no sabemos sobre finanzas. aspa1 aBrealey, Richard A.1 aMyers, Stewart C.1 aAllen, Franklin41uhttps://www.biblioeco.unsa.edu.ar/pmb/images/libros/L127877.jpgyImagen de portadaqimage/jpeg